000 00508nam a2200193 a 4500
001 1777626161932
003 YourLibrary
005 20260501143359.0
008 260501s2006##################000#0#eng##
020 _a9781840648461
082 0 4 _a388.0973
_bBUT
100 1 _aButton, Kenneth,
_eauthor.
245 1 0 _aTelecommunications, Transportation, and Location :
260 _c2006.
300 _a218 pages
650 0 _aSocial Science.
942 _cENGLISH
040 _aYourLibrary
_beng
_cYourLibrary
999 _c621759
_d621759